The development of the Aramaic script /

محفوظ في:

المؤلف الرئيسي: Naveh, Joseph.

التنسيق: كتاب

اللغة: English
Hebrew

منشور في: Jerusalem : Israel Academy of Sciences and Humanities, 1970.

سلاسل: Proceedings (Akademyah ha-leumit ha-Yisreelit le-madaim) ; v. 5, no. 1.

الموضوعات:

الوسوم: إضافة وسم

لا توجد وسوم, كن أول من يضع وسما على هذه التسجيلة!

رقم الطلب: PJ5201 .N37

LEADER 01011nam a22002897a 4500
003 OSt
005 20251110085525.0
008 251110t1970 is b f000 0 eng
010 |a  79022473  
040 |c ARCE Library 
041 1 |a eng  |h heb 
050 1 4 |a PJ5201  |b .N37 
100 1 |a Naveh, Joseph. 
240 1 0 |a Hitpathut ha-ketav ha-Arami.  |l English 
245 1 4 |a The development of the Aramaic script /  |c by Joseph Naveh. 
264 1 |a Jerusalem :  |b Israel Academy of Sciences and Humanities,  |c 1970. 
300 |a 69 pages ;  |c 24 cm. 
490 1 |a Proceedings of the Israel Academy of Sciences and Humanities,  |v v. 5, no. 1 
500 |a Cover title. 
500 |a Translation of Hitpathut haketav ha-Arami. 
504 |a Includes bibliographical references. 
546 |a Translation of Hitpathut haketav ha-Arami. 
650 0 |a Aramaic language  |x Alphabet. 
830 0 |a Proceedings (Akademyah ha-leumit ha-Yisreelit le-madaim) ;  |v v. 5, no. 1. 
901 |a reviewed 
942 |2 lcc  |c BK 
999 |c 56643  |d 56643